Let do nebezpečenstva /

Hlavní autor: Castle, John
Další autoři: Hailey, Arthur, 1920-2004
Jazyk: Slovenština
Vydáno: Bratislava : Mladé letá, 1976
Vydání: 2. vyd.
Fyzický popis: 157 s. : il.
Knihy
Uloženo v:
LEADER 00811nam a22002412a 4500
001 001336186
003 CZ BrMZK
005 20131015144229.0
007 ta
008 131015s1976 xo a er|||||||||||slo d
040 |a BOA001  |b cze 
041 1 |a slo  |h eng 
100 1 |a Castle, John  |7 mzk2004228336  |4 aut 
245 1 0 |a Let do nebezpečenstva /  |c John Castle, Arthur Hailey ; z anglického originálu ... preložila Magda Šaturová ; ilustroval Václav Junek 
250 |a 2. vyd. 
260 |a Bratislava :  |b Mladé letá,  |c 1976 
300 |a 157 s. :  |b il. 
700 1 |a Hailey, Arthur,  |d 1920-2004  |7 jn19990003074  |4 aut 
765 0 |t Flight into danger  |9 Slovensky 
910 |a BOA001  |b 2-0567.228-76 
990 |a BK 
991 |b 201310 
996 7 |b 2619024453  |c 2-0567.228-76  |l HP2  |r DEN  |n 0  |w 001371159  |u 000010  |a 1  |e BOA001  |j MZK50  |s A